000 00720nmm a2200205Ia 4500
008 251105s9999||||xx |||||||||||||||||und||
020 _a9788416515585
041 _aspa
100 _aGarcía González, Francisco
245 0 _aLa historia rural en España y Francia (siglos XVI-XIX). :
_b Contribuciones para una historia comparada y renovada
264 _a[Madrid, España] :
_bPrensas Universitarias de Zaragoza,
_c2016
300 _a418 páginas
490 _aMonografías de historia rural
650 _aHistory of Europe
700 _aGarcía González, Francisco
700 1 _a Béaur, Gérard
700 1 _a Boudjaaba, Fabrice
856 _uhttps://public.digitaliapublishing.com/a/59244
942 _cCF
999 _c65897
_d65897